000
00260nam a2200109 a 4500
005
20140414132109.0
008
110115s19uu xx 00 eng d
050
_a
ER
_b
C61 1996
100
_a
Denega, Daniel
245
_a
Clifford takes a trip.
999
_c
114693
_d
114693